箱根駅伝の中継所・定点 - Statistics

General Stats
  • This quiz has been taken 642 times
  • The average score is 13 of 27
Answer Stats
Hint Answer % Correct
小田原中継所
92%
10 平塚中継所
91%
6 戸塚中継所
90%
3 鶴見中継所
87%
1 大手町
82%
芦ノ湖
80%
二宮
68%
2 蒲田
66%
4 横浜駅前
63%
5 権太坂
63%
8 茅ヶ崎
61%
7 藤沢
55%
大磯
52%
函嶺洞門
50%
大平台
44%
小涌園前
44%
遊行寺坂
35%
9 湘南大橋
32%
新八ツ山橋
31%
元箱根
29%
田町
25%
芦之湯
22%
酒匂橋
21%
生麦
21%
御成門
14%
馬場先門
14%
影取
12%
No matching quizzes found
Score Distribution
Percent of People with Each Score
Percentile by Number Answered
Your Score History
You have not taken this quiz